Statistiken für Alle Minderheiten Thailands

Klicken Sie hier um das Quiz zu spielen!

Allgemein

  • Dieses Quiz wurde 26 mal gespielt
  • Das Durchschnittsergebnis liegt bei 14 aus 15

Antwortstatistiken

BevölkerungLand% Korrekt
141,553China
100%
80,898Japan
100%
40,230USA
100%
24,383Deutschland
95%
2,952Indonesien
95%
222,432Laos
95%
1,292,686Myanmar
95%
17,662Vietnam
95%
8,182Malaysia
89%
2,952Singapur
89%
46,326Indien
84%
281,292Kambodscha
84%
17,574Philippinen
84%
22,486Frankreich
79%
85,836Vereinigtes Königreich
74%

Verteilung der Resultate

Perzentil nach korrekt beantworteten Fragen

Anzahl Personen mit jedem Resultat

Ihre Resultats-Entwicklung

Sie haben dieses Quiz noch nicht gespielt